Rukoväť audítorských štandardov

Pokračovanie príspevku z predchádzajúceho čísla. Medzinárodný audítorský štandard (ISA) 265 - Informovanie osôb poverených spracovaním a manažmentu o nedostatkoch v internej kontrole.

Salvato in:
Dettagli Bibliografici
Autore principale: Užík, Ján, 1969-
Altri autori: Krišková, Petra, 1981-
Natura: Capitolo di libro
Lingua:slovacco
Soggetti:
Tags: Aggiungi Tag
Nessun Tag, puoi essere il primo ad aggiungerne!!

MARC

LEADER 00000naa a2200000 4500
001 0234786
005 20240502073815.3
041 0 |a slo 
044 |a SK 
245 1 0 |a Rukoväť audítorských štandardov  |c Ján Užík, Petra Krišková 
520 |a Pokračovanie príspevku z predchádzajúceho čísla. Medzinárodný audítorský štandard (ISA) 265 - Informovanie osôb poverených spracovaním a manažmentu o nedostatkoch v internej kontrole. 
610 2 0 |a štandardy audítorské medzinárodné 
610 2 0 |a kontrola vnútorná 
610 2 0 |a audit interný 
610 2 0 |a manažment 
610 2 0 |a závierka účtovná 
610 2 0 |a audítori 
100 1 |a Užík, Ján, 1969- 
700 1 |a Krišková, Petra, 1981-